American People Airports - Non-Presidents - Statistics

General Stats
  • This quiz has been taken 9 times
  • The average score is 18 of 60
Answer Stats
City State Code Answer % Correct
New York New York LGA Fiorello LaGuardia
100%
Billings Montana BIL Dick Logan
89%
Boston Massachusetts BOS Edward Logan
89%
Chicago Illinois ORD Edward O'Hare
89%
Washington Virginia* IAD John Foster Dulles
89%
Dallas Texas DAL Moss L. Love
78%
New Orleans Louisiana MSY Louis Armstrong
67%
Houston Texas HOU William P. Hobby
56%
Charlotte North Carolina CLT Ben Elbert Douglas
44%
Rochester New York ROC Frederick Douglass
44%
Las Vegas Nevada LAS Harry Reid
44%
Columbus Ohio CMH John Glenn
44%
Santa Ana California SNA John Wayne
44%
Anchorage Alaska ANC Ted Stevens
44%
Providence Rhode Island PVD Theodore Francis Green
44%
Atlanta Georgia ATL William B. Hartsfield / Maynard Jackson
44%
St. Louis Missouri STL Albert Bond Lambert
33%
Burbank California BUR Bob Hope
33%
Hartford Connecticut BDL Eugene M. Bradley
33%
Louisville Kentucky SDF Muhammad Ali
33%
Baltimore Maryland BWI Thurgood Marshall
33%
Cleveland Ohio CLE William R. Hopkins
33%
Oklahoma City Oklahoma OKC Will Rogers
33%
Latrobe Pennsylvania LBE Arnold Palmer
22%
Milwaukee Wisconsin MKE Billy Mitchell
22%
Charleston West Virginia CWR Chuck Yeager
22%
Islip New York ISP Douglas MacArthur
22%
Columbus Ohio LCK Eddie Rickenbacker
22%
Omaha Nebraska OMA Eugene Eppley
22%
Birmingham Alabama BHM Fred Shuttlesworth
22%
Gulf Shores Alabama GUF Jack Edwards
22%
Austin Texas AUS John A.E. Bergstrom
22%
New Haven Connecticut HVN John H. Tweed
22%
Knoxville Tennessee TYS McGhee Tyson
22%
San Jose California SJC Norman Y. Mineta
22%
Lubbock Texas LBB Preston Smith
22%
Amarillo Texas AMA Rick Husband
22%
Newburgh New York SWF Thomas Stewart
22%
Erie Pennsylvania ERI Tom Ridge
22%
Everett Washington PAE Topliff Paine
22%
Paducah Kentucky PAH Alben W. Barkley
11%
Santa Rosa California STS Charles M. Schulz
11%
Syracuse New York SYR Clarence E. Hancock
11%
Wenatchee Washington EAT Clyde Pangborn
11%
Honolulu Hawaii HNL Daniel Inouye
11%
Toledo Ohio TOL Eugene F. Kranz
11%
Carlsbad California CLD Gerald McClellan
11%
Beaumont Texas BPT Jack Brooks
11%
Tyler Texas TYR Jack Windham Pounds
11%
College Station Texas CLL Jesse L. Easterwood
11%
Marquette Michigan MQT Kenneth Ingalls Sawyer
11%
Eugene Oregon EUG Mahlon Sweet
11%
Fargo North Dakota FAR Martin Hector
11%
Jackson Mississippi JAN Medgar Evers
11%
Burlington Vermont BTV Patrick Leahy
11%
Kotzebue Alask OTZ Ralph Wien
11%
Ogden Utah OGD Robert H. Hinckley
11%
Sitka Alaska SIT Rocky Gutierrez
11%
McAllen Texas MFE Samuel Miller
11%
Peoria Illinois PIA Wayne A. Downing
11%
No matching quizzes found
Score Distribution
Percent of People with Each Score
Percentile by Number Answered
Your Score History
You have not taken this quiz